000 004330000a22001810004500
003 MACL
005 20150915155626.0
008 150915b xxu||||| |||| 00| 0 eng d
040 _aMACL
_cMACL
041 _aEnglish
082 _a823/JAY
100 _aJayakanthan
_911260
245 _aA Man A Home and A World
260 _bSahitya Akademi
_c2003
_aNew Delhi
350 _a150
650 _aFicition
_911261
942 _cBK
_k823
_2ddc
999 _c8191
_d8191